| 000 | 004380000a22001810004500 | ||
|---|---|---|---|
| 003 | MACL | ||
| 005 | 20150728154431.0 | ||
| 008 | 150728b xxu||||| |||| 00| 0 eng d | ||
| 040 |
_aMACL _cMACL |
||
| 041 | _aEnglish | ||
| 082 | _a330/KUR | ||
| 100 |
_aGopal, S _91425 |
||
| 245 | _aEconomy, Society & Development | ||
| 260 |
_bSage Publications _c1991 _aNew Delhi |
||
| 350 | _a275 | ||
| 650 |
_aEconomices _92901 |
||
| 942 |
_cBK _k330 _2ddc |
||
| 999 |
_c4247 _d4247 |
||